000 00476nam a22001575i 4500
001 54117
003 ES-MaACL
007 t|
008 960710s1869 fr ||||1| fre d
040 _aCAM
_bspa
_cCAM
100 1 _aFeuillet, Octave.
_950641
245 1 0 _aJulie
_b: drame en trois actes, en prose /
_cpar Octave Feuillet.
260 _aParis :
_bMichel Lévy Fréres, éditeurs,
_c1869 (
_fJ. Claye, imprimeur)
300 _a90 p. ;
_c23 cm.
852 _aES-MaACL
_jT-184-F-1
999 _c54117
_d54117